000 01715nam a2200325 i 4500
003 EG-GICUC
005 20260511215659.0
008 260511s2015 ua |||fr|||| 00| 0 ara d
040 _a EG-GICUC
_bara
_c EG-GICUC
_d EG-GICUC
_erda
041 0 _aAra
082 0 4 _221
_a343.435
_bه ش . م
092 0 4 _221
099 _aLaw1 10 343.435 ه ش . م 2015
100 0 _aهشام زوين
_eمؤلف.
245 1 2 _aالموسوعة فى جرائم الإرهاب والتظاهر اللاسلمى والبلطجة والأسلحة والذخيرة والمفرقعات والقبض والتفتيش والحبس احتياطيا وتجديد الحبس واستئنافه :
_bموضوعيا وإجرائيا.
_nالمجلد الثالث،
_pالحماية الإجرائية للمتهم في قضايا الإرهاب والبلطجة والتظاهر والسلاحالتلبس بأحد هذه الجرائم والقبض والتفتيش والاستيقاف الاستدلالات والاستختبارات والتحريات والحبس الاحتياطي /
_cتأليف هشام زوين.
250 _aالطبعة الأولى
264 1 _aالقاهرة :
_bدار العدل للإصدارات القانونية،
_c2015.
300 _a418 ؛صفحة
_c24 سم.
336 _2rda content
_atext
337 _2rda media
_aComputer
338 _2rda carrier
_aOnline Resource
500 _aإهداء من حسن على
546 _aالنص باللغة العربية
650 1 _aالإرهاب
_2qrmak
650 1 _aالقانون الجنائى
_2qrmak
651 1 _2qrmak
856 4 0 _uhttps://fll.law.cu.edu.eg/fulltext/bks/B10-12055.pdf
905 _a54
942 _2ddc
_cBK
_e21
_n0
999 _c76628
_d76628